Instructor's manual mosaic; T1: Reading

Uloženo v:
Podrobná bibliografie
Hlavní autor: Janet Podnecky
Médium: Kniha
Jazyk:Undetermined
Vydáno: New York McGraw-Hill 2002
Témata:
Tagy: Přidat tag
Žádné tagy, Buďte první, kdo otaguje tento záznam!
Thư viện lưu trữ: Trung tâm Học liệu Trường Đại học Cần Thơ
LEADER 00651nam a2200217Ia 4500
001 CTU_57300
008 210402s9999 xx 000 0 und d
020 |b 175000 
082 |a 428.0071 
082 |b M894i 
100 |a Janet Podnecky 
245 0 |a Instructor's manual mosaic; T1: Reading 
245 0 |c Janet Podnecky 
260 |a New York 
260 |b McGraw-Hill 
260 |c 2002 
650 |a english language 
650 |x readers 
904 |i Minh, 960807 
910 |a H.Mai chuyển số PL về 428.0071 dùng cho cả bộ, mã hóa cutter theo tên sách 
980 |a Trung tâm Học liệu Trường Đại học Cần Thơ